| 000 | 00855nam a22002657a 4500 | ||
|---|---|---|---|
| 005 | 20170124105921.0 | ||
| 010 | _aA-549045 | ||
| 020 |
_c00 _a8170233356 |
||
| 035 | _aA-549045 | ||
| 037 | _bCen Lib/Ret | ||
| 040 |
_aDPL _bEN |
||
| 082 | _a320.5092 | ||
| 100 |
_aMukhopadhyay, Tarun Kumar _94409 |
||
| 245 |
_aFeroze Gandhi : _cby Tarun Kumar Mukhopadhyay _ba crusader in parliament / |
||
| 246 | _b | ||
| 260 |
_bAllied Publishers _c1992 _aNew Delhi |
||
| 270 |
_bNew Delhi _aA-104, mayapuri 2 _e110064 |
||
| 300 |
_avii, 195p. _c21cm(Hb) |
||
| 500 | _aIncludes bibliographical references and index | ||
| 650 |
_aPolitical Science _94410 |
||
| 650 |
_aBiographies _9618 |
||
| 650 |
_aराजनीति विज्ञान _9442 |
||
| 650 |
_aआत्मकथाएँ _94411 |
||
| 942 |
_2ddc _cEN _h320.5092 _mMUK |
||
| 999 |
_c123147 _d123147 |
||